000 00919cam a2200301 a 4500
001 000003652
003 DO-SdBNP
005 20220720101701.0
007 ta
008 900530s1993 sp 001 0 spa
020 _a8401492130
040 _aDO-SdBNP
_bspa
_cBNPHU
082 4 _a813.54
_bF494c
_222
100 1 _aFinder, Joseph,
_911196
240 1 4 _aThe Moscow Club.
_lEspañol
245 1 3 _aEl club de Moscú /
_cJoseph Finder ; traducción Fernando Orea Mesta.
260 _aBarcelona, España :
_bPlaza & Janés,
_c1993.
300 _a560 p. ;
_c19 cm.
490 1 _aLos jet de Plaza & Janés ;
_v213
534 _tThe Moscow Club
590 _aInventariado / VM
650 4 _aNovela estadounidenese
_911197
650 4 _aLiteratura estadounidense
_9263
700 1 _aOrea Mesta, Fernando,
_etrad.
_911198
830 0 _aLos jet de Plaza & Janés ;
_lspa
_n213
_981230
910 _aVM
942 _2ddc
_cLBS1
999 _c3475
_d3475